000 01023nam a2200289 i 4500
001 67642
003 ES-MaACL
005 20250923161228.0
007 t|
008 040608s2002 sp |||| | spa d
020 _a84-9740-031-3
080 _a342.4(460)"1812"(094.5)
110 1 _aEspaña
_93622
240 1 0 _aConstitución, 1812
245 1 3 _aLa Constitución de Cádiz (1812) ;
_by Discurso preliminar a la Constitución /
_cedición, introducción y notas de Antonio Fernández García.
246 3 _aDiscurso preliminar a la Constitución
260 _aMadrid :
_bCastalia,
_c[2002]
300 _a270 p. ;
_c18 cm.
490 1 _aClásicos Castalia ;
_v269
500 _aÍndice.
504 _aBibliografía: p. 69-77.
700 1 _aArgüelles, Agustín,
_d1776-1844.
_tDiscurso preliminar a la Constitución de 1812
_922712
700 0 _aFernández García, Antonio,
_d1936-
_949339
830 1 _aClásicos Castalia ;
_v269
_9178595
852 4 _aES-MaACL
_jL-27929
999 _c67642
_d67642